Frontové a lazaretné vojnové cintoríny z prvej svetovej vojny na území severovýchodného Slovenska - pamiatky histórie /

Enregistré dans:
Détails bibliographiques
Auteur principal: Liška, Anton (Auteur)
Autres auteurs: Borza, Peter (Critique), Gojdič, Ivan (Critique), Halajová, Denisa (Critique)
Format: Livre
Langue:slovaque
Publié: Bratislava : Pamiatkový úrad Slovenskej republiky, 2022
Édition:1. vydanie
Sujets:
Tags: Ajouter un tag
Pas de tags, Soyez le premier à ajouter un tag!

MARC

LEADER 00000nam a22000003a 4500
001 0101103
003 SK-STU
005 20230328150034.7
007 ta
008 230328s ----xo-----e------000-0-----d
020 |a 978-80-89175-95-6 
040 |a STU  |b slo 
041 0 |a slo 
044 |a xo 
100 1 |a Liška, Anton  |4 aut 
245 1 0 |a Frontové a lazaretné vojnové cintoríny z prvej svetovej vojny na území severovýchodného Slovenska - pamiatky histórie /  |c aut. Anton Liška ; rec. Peter Borza, Ivan Gojdič, Denisa Halajová 
250 |a 1. vydanie 
260 |a Bratislava :  |b Pamiatkový úrad Slovenskej republiky,  |c 2022 
300 |a 239 s. 
650 0 7 |a vojenské cintoríny 
650 0 7 |a historické cintoríny 
650 0 7 |a výstavba 
650 0 7 |a dostavba 
650 0 7 |a architektonické pamiatky 
650 0 7 |a stavebné úpravy 
650 0 7 |a vegetačné úpravy 
650 0 7 |a historické krajinné štruktúry 
700 1 |a Borza, Peter  |4 rev 
700 1 |a Gojdič, Ivan  |4 rev 
700 1 |a Halajová, Denisa  |4 rev 
996 |b 284AU09568  |c A* 12923/U  |l AAKNAR  |s A  |a 24  |w 0101103_0001